Flight international directory : part 2, Mainland and Europe 1996
Αποθηκεύτηκε σε:
| Άλλοι συγγραφείς: | |
|---|---|
| Μορφή: | Βιβλίο |
| Γλώσσα: | English |
| Δημοσίευση: |
Potters Bar, Herts [England] :
Flight International Directories,
1996
|
| Θέματα: | |
| Ετικέτες: |
Προσθήκη ετικέτας
Δεν υπάρχουν, Καταχωρήστε ετικέτα πρώτοι!
|
MARC
| LEADER | 00000nam a2200000 i 4500 | ||
|---|---|---|---|
| 001 | 1/88245 | ||
| 008 | 990824s1996 eng d | ||
| 020 | |a 0951418599 | ||
| 035 | |l 10052488 | ||
| 040 | |a GR-MY-UA |b gre |e aacr | ||
| 041 | 0 | |a eng | |
| 082 | 0 | |a 387.7094 | |
| 245 | 1 | 0 | |a Flight international directory : |b part 2, Mainland and Europe 1996/97 |
| 260 | |a Potters Bar, Herts [England] : |b Flight International Directories, |c 1996 | ||
| 300 | |a 736 p. | ||
| 500 | |a Incorporating Who's who in European aviation. Compiler and editor: Malcolm Ginsberg | ||
| 650 | 0 | 0 | |a Aeronautics |z Europe |x Directories. |
| 650 | 0 | 0 | |a Aeronautics |z Europe |x Biography. |
| 700 | 1 | |a Ginsberg, Malcolm. |4 edt | |
| 852 | |a INST |b LESVOS |e 19990824 |h 387.7094 FLI |p 005100019673 |q 005100019673 |t REF |y 23 | ||
| 901 | |a BIBL1-1999-2 | ||
| 909 | |a Λ |b 062923 | ||
| 922 | |a 1ΕΛΗ |b 199901 |c ΚΠΣ/ΚΥΒ |d LEADER | ||
| 950 | |a 023-1998-09-14 | ||
| 970 | |a ΤΖΑΦΕΡΗ |b ΕΥΑΓΓΕΛΙΑ |z 1999/08/26 | ||